Word Ladder: Hot Spot Quiz Stats

 Plays Quiz Updated Oct 22, 2015

Challenge
Share
Tweet
Embed
Score 0/24 Timer 03:00
0 Plays Today
Hint 4-Letter Word % Correct
●Paper money or singer Johnny ____●CASH●
98.7%
●Sign of commitment, in jewelry form●●RING●
96%
Farm buildingBARN
95.8%
Gun soundBANG
95.1%
LocateFIND
94.8%
●Incinerate●●BURN●
94.7%
Apple centerCORE
94.1%
●Inferno●●FIRE●
94.1%
One of the things you may bat while flirtingLASH
93.8%
UnclothedBARE
93.5%
Golf call?FORE
93.5%
Outermost layer of a melonRIND
93.4%
Hint 4-Letter Word % Correct
High quality, like wine or jewelryFINE
93%
Sounded a bellRANG
92.5%
Without others, like some wolvesLONE
92.5%
●Passionate affection●●LOVE●
91.9%
Batman villain or source of harmBANE
89.8%
●Carnal sin●●LUST●
89.6%
Protected inletCOVE
88.9%
Growing abundantly, like a forest or lawnLUSH
88.8%
Mr. Reynolds, informallyBURT
87.7%
●Sixth month or singer ___ Carter●●JUNE●
87.6%
Hitchhiker's sign: [Destination] or ____BUST
85.9%
Crescent moon shapeLUNE
83.6%

Today's Daily Dose

Word Ladder
Homophones Ate

Quick Pick
RGB Colors

On This Day
August 18th II

You're not logged in!

Compare scores with friends on all Sporcle quizzes.
Join for Free
OR
Log In

You Might Also Like...

Show Comments

Extras

Top Quizzes Today


Score Distribution

Your Account Isn't Verified!

In order to create a playlist on Sporcle, you need to verify the email address you used during registration. Go to your Sporcle Settings to finish the process.

Report this User

Report this user for behavior that violates our Community Guidelines.

Details: